Un programa de estabilidad monetaria y reforma bancaria (Registro nro. 4509)

Detalles MARC
000 -LEADER
fixed length control field 00799 a2200205 4500
001 - CONTROL NUMBER
control field 47980
005 - DATE AND TIME OF LATEST TRANSACTION
control field 20260407155745.0
008 - FIXED-LENGTH DATA ELEMENTS--GENERAL INFORMATION
fixed length control field 260407a1970 arg spa d
003 - CONTROL NUMBER IDENTIFIER
control field AR-UNSa-BCEJYS
040 ## - CATALOGING SOURCE
Original cataloging agency AR-UNSa-BCEJYS
Language of cataloging spa
Transcribing agency AR-UNSa-BCEJYS
080 ## - UNIVERSAL DECIMAL CLASSIFICATION NUMBER
Universal Decimal Classification number 336.7
Common auxiliary subdivision Moneda. Sistema monetario. Banca. Bolsa
100 1# - MAIN ENTRY--PERSONAL NAME
Personal name Mas Montañes, Enrique
245 10 - TITLE STATEMENT
Title Un programa de estabilidad monetaria y reforma bancaria
264 #1 - PRODUCTION, PUBLICATION, DISTRIBUTION, MANUFACTURE, AND COPYRIGHT NOTICE
Place of production, publication, distribution, manufacture Bilbao :
Name of producer, publisher, distributor, manufacturer Ediciones Deusto
Date of production, publication, distribution, manufacture, or copyright notice 1970
300 ## - PHYSICAL DESCRIPTION
Extent 153 p.
Dimensions 22 cm.
505 ## - FORMATTED CONTENTS NOTE
Formatted contents note 1. La política monetaria en perspectiva - 2. Los instrumentos del Sistema de Reserva Federal - 3. La gestión de la Deuda y Reforma Bancaria - 4. Los fines y criterios de la política monetaria.
590 ## - LOCAL NOTE (RLIN)
Local note niveau_biblio:m niveau_hierar:0
700 1# - ADDED ENTRY--PERSONAL NAME
Personal name Friedman, Milton
942 ## - ADDED ENTRY ELEMENTS (KOHA)
Koha item type
Existencias
Withdrawn status Lost status Damaged status Not for loan Home library Current library Shelving location Date acquired Total checkouts Full call number Barcode Date last seen Price effective from Koha item type
        Biblioteca Prof. Eusebio Cleto del Rey Biblioteca Prof. Eusebio Cleto del Rey   07/04/2026   336.7 F899 L13266 07/04/2026 07/04/2026 Libro
        Biblioteca Prof. Eusebio Cleto del Rey Biblioteca Prof. Eusebio Cleto del Rey   07/04/2026   336.7 F899 L22447 07/04/2026 07/04/2026 Libro
        Biblioteca Prof. Eusebio Cleto del Rey Biblioteca Prof. Eusebio Cleto del Rey   07/04/2026   336.7 F899 L22401 07/04/2026 07/04/2026 Libro
        Biblioteca Prof. Eusebio Cleto del Rey Biblioteca Prof. Eusebio Cleto del Rey   07/04/2026   336.7 F899 L22402 07/04/2026 07/04/2026 Libro